000 00805nam a22002657a 4500
005 20220110095732.0
008 220110b ||||| |||| 00| 0 eng d
024 _q03769771
040 _cAL
041 _aeng
082 _223
_a954.0505
_bINDI
100 _aIndia International Centre
_912735
245 _aIndia International Centre: Quarterly
260 _aNew Delhi:
_bIndia International Centre,
_c1995,
300 _aiv,228 p.
_bPB
_c24x16 cm.
650 _aCultrual Pluralism
_912726
650 _aPolitics in Kerala
_912727
650 _aCartoons
_912728
650 _aNangiar Koothu
_912729
650 _aTeyyam
_912730
650 _aSocial Change in Kerala
_912731
650 _aWoomen's Development in Kerala
_912732
700 _aINDIA INTERNATIONAL CENTRE
_912733
942 _2ddc
_cGF
999 _c221122
_d221122